000 00584nam a2200193Ia 4500
005 20250508161715.0
008 008 250505s9999 xx 000 0 eng d
037 _aTextual
040 _aFEDL
_beng
_cFEDL
041 _aeng
_2eng
084 _a371.335, KOE
_qFEDL
100 _aKoenig Allen E Ed.
_9771413
245 0 _aFarther vision : Educational television today
260 _aMadison
_bThe University of Wisconsin Press
_c1969
300 _axvi,371p, 387p
700 _a Hill Ruane B Ed.
_9771414
942 _cTEXL
_h371.335, KOE
999 _c1371652
_d1371652